000 00289 a2200145 4500
001 152504
040 _cEscola São Tomás de Aquino
240 1 0 _aBoitempo
_lpor
245 1 0 _aBoitempo
300 _a187
362 0 _a1973
440 1 _aJosé Olympio
697 _aPoesia
942 _cBK
999 _c152504
_d152504